A journey called life : (Record no. 147374)

MARC details
000 -LEADER
fixed length control field 00543nam a22001697a 4500
005 - DATE AND TIME OF LATEST TRANSACTION
control field 20180627155905.0
010 ## - LCCN (DPL NO)
LC control number ENG-121386
020 ## - INTERNATIONAL STANDARD BOOK NUMBER
International Standard Book Number 978935080063
Terms of availability 330.00
035 ## - SYSTEM CONTROL NUMBER
System control number EN-104918
037 ## - SOURCE OF ACQUISITION
Source of stock number/acquisition DBAD/PUB
100 ## - MAIN ENTRY--PERSONAL NAME
Personal name Patil, kesari
245 ## - TITLE STATEMENT
Title A journey called life :
Remainder of title memories of a successful pioneer of Indain tourisum /
260 ## - PUBLICATION, DISTRIBUTION, ETC. (IMPRINT)
Place of publication, distribution, etc Pune
Name of publisher, distributor, etc Ameya Inspiring Book
Date of publication, distribution, etc 2013
270 ## - ADDRESS
Address 207, Business Guild, Law college road,
City Pune
Postal code 411004
300 ## - PHYSICAL DESCRIPTION
Extent 236p.
Other physical details 21cm.(pbk)
942 ## - ADDED ENTRY ELEMENTS (KOHA)
Source of classification or shelving scheme Dewey Decimal Classification
Item type English Books
Edition 2013
Classification part 808.883
Call number suffix PAT
Holdings
Withdrawn status Lost status Not for loan Collection code Home library Current library Date acquired Source of acquisition Cost, normal purchase price Full call number Barcode Copy number Cost, replacement price Koha item type
    Not For Loan Non-fiction D.B.Act.Division Sarojini Nagar 13/11/2017 DBAD/PUB 330.00 808.883 PAT EN-104918 1 330.00 English Books

© Delhi Public Library
Hit Counter
free hit counter